5HLuxD.jpg

KING HENRY VIII SENIOR AND PRIMARY SCHOOL LIBRARY OPAC

Yertle the Turtle and other stories (Record no. 2397)

000 -LEADER
fixed length control field 01052cam a2200325 a 4500
001 - CONTROL NUMBER
control field 626331
003 - CONTROL NUMBER IDENTIFIER
control field INLPI
005 - DATE AND TIME OF LATEST TRANSACTION
control field 20230508090144.0
008 - FIXED-LENGTH DATA ELEMENTS--GENERAL INFORMATION
fixed length control field 040301s2004 enka j 000 f eng d
020 ## - INTERNATIONAL STANDARD BOOK NUMBER
International Standard Book Number 9780007173143 (pbk.)
040 ## - CATALOGING SOURCE
Modifying agency NLPI
-- KH8
Language of cataloging eng
Description conventions aacr2
Transcribing agency UT
042 ## - AUTHENTICATION CODE
Authentication code nbic
082 0# - DEWEY DECIMAL CLASSIFICATION NUMBER
Classification number 813.54 SEU
100 1# - MAIN ENTRY--PERSONAL NAME
Personal name Seuss,
Titles and words associated with a name Dr.
Relator term Author
245 10 - TITLE STATEMENT
Title Yertle the Turtle and other stories
Medium [Children's book] /
Statement of responsibility, etc. by Dr. Seuss.
260 ## - PUBLICATION, DISTRIBUTION, ETC.
Place of publication, distribution, etc. London :
Name of publisher, distributor, etc. HarperCollins Children's,
Date of publication, distribution, etc. 2004.
300 ## - PHYSICAL DESCRIPTION
Extent 1 volume :
Other physical details chiefly col. ill. ;
Dimensions 23 cm.
490 1# - SERIES STATEMENT
Series statement Dr. Seuss.
490 1# - SERIES STATEMENT
Series statement Yellow back books.
500 ## - GENERAL NOTE
General note Originally published in the UK : 1963.
505 00 - FORMATTED CONTENTS NOTE
Title Yertle the Turtle --
-- Gertrude McFuzz --
-- The big brag.
650 #0 - SUBJECT ADDED ENTRY--TOPICAL TERM
Topical term or geographic name entry element Turtles
Form subdivision Pictorial works
-- Juvenile fiction.
650 #0 - SUBJECT ADDED ENTRY--TOPICAL TERM
Topical term or geographic name entry element Children's stories, American.
655 #0 - INDEX TERM--GENRE/FORM
Genre/form data or focus term Children's stories.
700 1# - ADDED ENTRY--PERSONAL NAME
Personal name Seuss,
Titles and other words associated with a name Dr.
Title of a work Gertrude McFuzz.
Relator term Author
700 1# - ADDED ENTRY--PERSONAL NAME
Personal name Seuss,
Titles and other words associated with a name Dr.
Title of a work Big brag.
830 #0 - SERIES ADDED ENTRY--UNIFORM TITLE
Uniform title Dr. Seuss.
830 #0 - SERIES ADDED ENTRY--UNIFORM TITLE
Uniform title Yellow back books.
942 ## - ADDED ENTRY ELEMENTS (KOHA)
Source of classification or shelving scheme
Koha item type Books - Non Ficton
Holdings
Withdrawn status Lost status Source of classification or shelving scheme Damaged status Not for loan Collection code Permanent Location Current Location Shelving location Date acquired Total Checkouts Full call number Barcode Date last seen Date last checked out Price effective from Koha item type
          Non-Fiction KH8 Primary School Library KH8 Primary School Library Non Fiction 2023-05-08 6 813.54 SEU KHPL000004146 2026-03-18 2026-02-11 2023-05-08 Books - Non Ficton

Powered By KH8 IT Dept